| 000 -GUIDE |
| Champ de contrôle de longueur fixe |
00803nam a22002417a 4500 |
| 003 - IDENTITÉ DU NUMÉRO DE CONTRÔLE |
| Champ de contrôle |
BI-BuBU |
| 008 - ÉLÉMENTS DE LONGUEUR FIXE - RENSEIGNEMENTS GÉNÉRAUX |
| Champ de contrôle de longueur fixe |
260618b1961 fr fr|||| 000 0 fre d |
| 037 ## - SOURCE D'ACQUISITION |
| Numéro d'inventaire |
36108 |
| Source d'acquisition et du numéro d'inventaire |
Fact. AMP. n° 23184 du 3.10.1974 FB 463 net |
| 039 ## - NIVEAU DE CONTRÔLE BIBLIOGRAPHIQUE ET HISTORIQUE D'ENCODAGE [OBSOLETE] |
| Date creation |
20260618134823.0 |
| Nom catalographe |
Constance Niyimpa |
| 040 ## - SOURCE DU CATALOGAGE |
| Organisme qui a effectué le catalogage original |
BI-BuBU |
| Code de la langue utilisée dans le catalogage |
fre |
| Organisme qui a effectué la transcription |
BI-BuBU |
| 041 0# - CODE DE LANGUE |
| Code de langue du texte/de la piste sonore ou du titre distinct |
fre |
| 080 ## - INDICE DE LA CLASSIFICATION DÉCIMALE UNIVERSELLE (CDU) |
| Indice de la Classification décimale universelle |
658.2 |
| 100 1# - VEDETTE PRINCIPALE - NOM DE PERSONNE |
| Code de relation |
aut. |
| Nom de personne |
Michel, Pierre |
| 245 10 - MENTION DU TITRE |
| Titre |
Implantation et manutentions |
| Reste du titre |
méthodes d'étude |
| Mention de responsabilité, etc. |
par Pierre Michel ; préf. de Auguste Pommier. |
| 260 ## - PUBLICATION, DIFFUSION, ETC. (ADRESSE BIBLIOGRAPHIQUE) |
| Lieu de publication, diffusion, etc. |
Paris |
| Nom de l'éditeur, diffuseur, etc. |
Dunod |
| Date of publication, distribution, etc |
1961 |
| 300 ## - DESCRIPTION MATÉRIELLE |
| Collation |
VIII-252 p. |
| Dimensions |
25 cm. |
| 504 ## - NOTE DE BIBLIOGRAPHIE ET INDEX. |
| Note de bibliographie et index. |
Bibliogr. Index. |
| 650 #7 - VEDETTE-MATIÈRE - NOM COMMUN |
| Source du terme |
BI-BuBU |
| Vedette de sujet ou vedette comportant un nom géographique |
Implantation |
| Subdivision générale |
Manutention |
| -- |
Entreprise |
| 650 #7 - VEDETTE-MATIÈRE - NOM COMMUN |
| Source du terme |
BI-BuBU |
| Vedette de sujet ou vedette comportant un nom géographique |
Entreprise |
| Subdivision générale |
Implantation |
| -- |
Manutention |
| 655 #7 - TERME D'INDEXATION - GENRE OU FORME |
| Source du terme |
BI-BuBU |
| Données ou terme dominant sur le genre ou la forme |
Book |
| 700 1# - VEDETTE SECONDAIRE - NOM DE PERSONNE |
| Code de relation |
préf. |
| Nom d'auteur |
Pommier, Auguste |
| 942 ## - ÉLÉMENTS D'ENTRÉE ADDITIONNELLE (KOHA) |
| Source de la classification ou du système de rangement |
|
| Type d item koha |
BOOK |